Central Library OPAC University of Rajshahi

Everyman's dictionary of literary biography : (Record no. 32207)

MARC details
000 -LEADER
fixed length control field 01113nam a2200301 i 4500
001 - CONTROL NUMBER
control field 32207
003 - CONTROL NUMBER IDENTIFIER
rucl marc code BD-RjUL
005 - DATE AND TIME OF LATEST TRANSACTION
control field 20211209051813.0
008 - FIXED-LENGTH DATA ELEMENTS--GENERAL INFORMATION
fixed length control field 140424s1965 enk d 00010ceng d
020 ## - INTERNATIONAL STANDARD BOOK NUMBER
International Standard Book Number 0330029649 (pbk) :
035 ## - SYSTEM CONTROL NUMBER
System control number (BD-RjUL)32296
System control number (BD-RjUL)
040 ## - CATALOGING SOURCE
Original cataloging agency BD-RjUL
Language of cataloging eng
Transcribing agency BD-RjUL
041 ## - LANGUAGE CODE
Language code of text/sound track or separate title eng
082 ## - DEWEY DECIMAL CLASSIFICATION NUMBER
Classification number 820.9
Edition number 18
Author mark and year BRE 1965
100 1# - MAIN ENTRY--PERSONAL NAME
Personal name Browning, D. C.
Fuller form of name (David Clayton),
Dates associated with a name 1894-
9 (RLIN) 98019
245 10 - TITLE STATEMENT
Title Everyman's dictionary of literary biography :
Remainder of title English & American /
Statement of responsibility, etc. compiled after John W. Cousin by D.C. Browning.
250 ## - EDITION STATEMENT
Edition statement Revised ed.
260 0# - PUBLICATION, DISTRIBUTION, ETC. (IMPRINT)
Place of publication, distribution, etc. London :
Name of publisher, distributor, etc. Pan Books,
Date of publication, distribution, etc. 1965.
300 ## - PHYSICAL DESCRIPTION
Pagination xi, 769 p. ;
Size 20 cm.
490 0# - SERIES STATEMENT
Series statement Pan reference books
500 ## - GENERAL NOTE
General note English literature. Biographical dictionaries (BNB/PRECIS)
General note Previous ed., London: Dent, 1969. - Based on John W. Cousin's 'Biographical dictionary of English literature'. London: Dent, 1958.
650 #0 - SUBJECT ADDED ENTRY--TOPICAL TERM
Topical term or geographic name as entry element Authors, English.
9 (RLIN) 98020
700 1# - ADDED ENTRY--PERSONAL NAME
Personal name Cousin, John W.
942 ## - ADDED ENTRY ELEMENTS (KOHA)
Source of classification or shelving scheme Dewey Decimal Classification
Koha item type Books
Holdings
Lost status Source of classification or shelving scheme Damaged status Not for loan Collection code Permanent Location Current Location Shelving location Date acquired Source of acquisition Cost, normal purchase price Total Checkouts Full call number Date last seen Copy number Koha item type
  Dewey Decimal Classification   Not For Loan Non-fiction Central Library, University of Rajshahi Central Library, University of Rajshahi Reading Room 04/11/1968 Zeitlinger 25.00   820.9 BRE 1965 24/04/2014 C-1 Books